00433nam a2200157Ia 4500003000400000008004100004040001600045082001800061100001700079245008600096260004200182300001000224650001500234650001300249650001300262GCL140319s9999 xx 000 0 eng d aGCL / cGCL04a658.5038bA D1 aALLEN, DAVID10aDEVELOPING SUCCESSFUL NEW PRODUCTS: A GUIDE TO PRODUCT PLANNING / cALLEN, DAVID a[S.N] : bPITMAN PUBLISHING ، c1993 a306 P04aMANAGEMENT04aECONOMIC04aPLANNING